000 00470 a2200157 4500
999 _c321349
_d321349
001 86276
003 NUST
005 20180122132645.0
008 180122b xxu||||| |||| 00| 0 eng d
020 _a9781850659457
082 _a355.07 BOU
100 _aAntoine J. Bousquet.
_99470
245 _aThe scientific way of war of warfare : order and chaos on the battlefields of modernity
_cAntoine J. Bousquet.
_hEnglish
250 _a1st
260 _aLondon
_bHurst & Co. Publ.
_c2008
300 _a288p.
500 _aGeneral Collection
942 _aCAE NUST
_cBK
_k355.07 BOU
_2ddc